[Event "ODJM C 2023"]
[Site "Willingen GER"]
[Date "2023.06.01"]
[Round "7"]
[White "Sun, Christopher"]
[Black "Briese, Paul"]
[Result "0-1"]
[Termination "normal"]
[Board "1"]
[WhiteElo "1313"]
[BlackElo "1321"]
[WhiteClock "00:23:41"]
[BlackClock "01:00:45"]
[PlyCount "92"]
[WhiteFideId "34630368"]
[BlackFideId "16273826"]
[EventCountry "GER"]
[EventRounds "9"]
[EventType "swiss"]
[EventDate "2023.05.27"]

1. e4 {[%clk 01:30:59]} c6 {[%clk 01:30:56]} {[%emt 00:00:05]} 2. d4 {[%clk
01:31:23]} {[%emt 00:00:05]} d5 {[%clk 01:31:22]} {[%emt 00:00:04]} 3. exd5
{[%clk 01:31:47]} {[%emt 00:00:06]} cxd5 {[%clk 01:31:48]} {[%emt 00:00:05]} 4.
Bd3 {[%clk 01:32:09]} {[%emt 00:00:07]} Nc6 {[%clk 01:32:09]} {[%emt 00:00:09]}
5. c3 {[%clk 01:32:33]} {[%emt 00:00:06]} g6 {[%clk 01:32:21]} {[%emt
00:00:18]} 6. Ne2 {[%clk 01:32:16]} {[%emt 00:00:46]} Nf6 {[%clk 01:32:28]}
{[%emt 00:00:24]} 7. O-O {[%clk 01:31:25]} {[%emt 00:01:21]} Bg7 {[%clk
01:32:02]} {[%emt 00:00:56]} 8. Bf4 {[%clk 01:30:42]} {[%emt 00:01:13]} O-O
{[%clk 01:31:16]} {[%emt 00:01:15]} 9. Nd2 {[%clk 01:27:20]} {[%emt 00:03:51]}
Re8 {[%clk 01:29:37]} {[%emt 00:02:10]} 10. Nf3 {[%clk 01:22:36]} {[%emt
00:05:14]} Nd7 {[%clk 01:27:54]} {[%emt 00:02:13]} 11. Re1 {[%clk 01:18:29]}
{[%emt 00:04:38]} e5 {[%clk 01:26:43]} {[%emt 00:01:40]} 12. dxe5 {[%clk
01:18:53]} {[%emt 00:00:07]} Ndxe5 {[%clk 01:26:56]} {[%emt 00:00:16]} 13. Nxe5
{[%clk 01:19:09]} {[%emt 00:00:14]} Nxe5 {[%clk 01:26:17]} {[%emt 00:01:08]}
14. Bxe5 {[%clk 01:16:16]} {[%emt 00:03:24]} Bxe5 {[%clk 01:24:57]} {[%emt
00:01:50]} 15. Qb3 {[%clk 01:14:03]} {[%emt 00:02:44]} b6 {[%clk 01:21:54]}
{[%emt 00:03:33]} 16. Nd4 {[%clk 01:05:52]} {[%emt 00:08:40]} Bxd4 {[%clk
01:17:56]} {[%emt 00:04:28]} 17. Rxe8+ {[%clk 01:03:18]} {[%emt 00:03:05]} Qxe8
{[%clk 01:17:07]} {[%emt 00:01:18]} 18. Qxd5 {[%clk 01:00:07]} {[%emt
00:03:41]} Bxf2+ {[%clk 01:17:07]} {[%emt 00:00:31]} 19. Kxf2 {[%clk 01:00:00]}
{[%emt 00:00:37]} Be6 {[%clk 01:16:15]} {[%emt 00:01:21]} 20. Qf3 {[%clk
00:55:08]} {[%emt 00:05:20]} Rd8 {[%clk 01:14:03]} {[%emt 00:02:43]} 21. a3
{[%clk 00:48:34]} {[%emt 00:07:05]} Qd7 {[%clk 01:10:57]} {[%emt 00:03:34]} 22.
Rd1 {[%clk 00:44:21]} {[%emt 00:04:45]} Bg4 {[%clk 01:07:24]} {[%emt 00:04:03]}
23. Be2 {[%clk 00:36:00]} {[%emt 00:08:51]} Bxf3 {[%clk 01:06:23]} {[%emt
00:01:31]} 24. Rxd7 {[%clk 00:35:53]} {[%emt 00:00:37]} Rxd7 {[%clk 01:06:44]}
{[%emt 00:00:09]} 25. Kxf3 {[%clk 00:35:56]} {[%emt 00:00:27]} Rd2 {[%clk
01:06:03]} {[%emt 00:01:11]} 26. b3 {[%clk 00:35:46]} {[%emt 00:00:40]} Rc2
{[%clk 01:05:31]} {[%emt 00:01:00]} 27. Bc4 {[%clk 00:33:31]} {[%emt 00:02:46]}
Rxc3+ {[%clk 01:04:27]} {[%emt 00:01:35]} 28. Kf2 {[%clk 00:33:49]} {[%emt
00:00:11]} a6 {[%clk 01:02:19]} {[%emt 00:02:39]} 29. Bxa6 {[%clk 00:33:30]}
{[%emt 00:00:50]} Rxb3 {[%clk 01:02:32]} {[%emt 00:00:17]} 30. a4 {[%clk
00:33:49]} {[%emt 00:00:11]} Kf8 {[%clk 01:02:16]} {[%emt 00:00:45]} 31. g4
{[%clk 00:32:55]} {[%emt 00:01:24]} f6 {[%clk 01:02:28]} {[%emt 00:00:18]} 32.
h4 {[%clk 00:32:03]} {[%emt 00:01:22]} Ke7 {[%clk 01:01:37]} {[%emt 00:01:21]}
33. Bb5 {[%clk 00:29:30]} {[%emt 00:03:03]} Kd6 {[%clk 01:01:19]} {[%emt
00:00:48]} 34. Kg2 {[%clk 00:27:58]} {[%emt 00:02:02]} Ke5 {[%clk 00:59:30]}
{[%emt 00:02:20]} 35. h5 {[%clk 00:24:52]} {[%emt 00:03:36]} g5 {[%clk
00:58:28]} {[%emt 00:01:32]} 36. h6 {[%clk 00:23:28]} {[%emt 00:01:54]} Kf4
{[%clk 00:58:09]} {[%emt 00:00:49]} 37. Bd7 {[%clk 00:21:37]} {[%emt 00:02:20]}
Rg3+ {[%clk 00:58:24]} {[%emt 00:00:15]} 38. Kf2 {[%clk 00:21:30]} {[%emt
00:00:37]} Rxg4 {[%clk 00:58:16]} {[%emt 00:00:38]} 39. Bxg4 {[%clk 00:21:39]}
{[%emt 00:00:22]} Kxg4 {[%clk 00:58:39]} {[%emt 00:00:07]} 40. Kg2 {[%clk
00:22:02]} {[%emt 00:00:06]} f5 {[%clk 00:59:02]} {[%emt 00:00:08]} 41. Kf2
{[%clk 00:22:21]} {[%emt 00:00:11]} Kh3 {[%clk 00:59:14]} {[%emt 00:00:17]} 42.
Kg1 {[%clk 00:22:35]} {[%emt 00:00:17]} Kg3 {[%clk 00:59:31]} {[%emt 00:00:12]}
43. Kh1 {[%clk 00:22:53]} {[%emt 00:00:12]} Kf2 {[%clk 00:59:45]} {[%emt
00:00:17]} 44. Kh2 {[%clk 00:23:04]} {[%emt 00:00:19]} g4 {[%clk 01:00:08]}
{[%emt 00:00:06]} 45. a5 {[%clk 00:23:13]} {[%emt 00:00:21]} g3 {[%clk
01:00:28]} {[%emt 00:00:10]} 46. Kh3 {[%clk 00:23:41]} {[%emt 00:00:03]} bxa5
{[%clk 01:00:45]} {[%emt 00:00:13]} 0-1

[Event "ODJM C 2023"]
[Site "Willingen GER"]
[Date "2023.06.01"]
[Round "7"]
[White "Dotschuweit, Erik"]
[Black "Neumeier, Leonhard"]
[Result "1-0"]
[Termination "normal"]
[Board "2"]
[WhiteElo "1332"]
[BlackElo "1219"]
[WhiteClock "01:09:26"]
[BlackClock "00:11:19"]
[PlyCount "107"]
[WhiteFideId "34610146"]
[BlackFideId "34650822"]
[EventCountry "GER"]
[EventRounds "9"]
[EventType "swiss"]
[EventDate "2023.05.27"]

1. e4 {[%clk 01:30:27]} e5 {[%clk 01:30:35]} {[%emt 00:00:26]} 2. Nf3 {[%clk
01:30:09]} {[%emt 00:00:47]} Nc6 {[%clk 01:30:36]} {[%emt 00:00:29]} 3. Bb5
{[%clk 01:30:02]} {[%emt 00:00:36]} d6 {[%clk 01:26:23]} {[%emt 00:04:44]} 4.
O-O {[%clk 01:24:16]} {[%emt 00:06:15]} Nf6 {[%clk 01:26:17]} {[%emt 00:00:37]}
5. d4 {[%clk 01:23:25]} {[%emt 00:01:21]} Bd7 {[%clk 01:23:01]} {[%emt
00:03:47]} 6. Nc3 {[%clk 01:22:51]} {[%emt 00:01:03]} a6 {[%clk 01:22:39]}
{[%emt 00:00:52]} 7. Bxc6 {[%clk 01:22:35]} {[%emt 00:00:45]} Bxc6 {[%clk
01:21:08]} {[%emt 00:02:02]} 8. dxe5 {[%clk 01:20:31]} {[%emt 00:02:34]} dxe5
{[%clk 01:15:58]} {[%emt 00:05:41]} 9. Nxe5 {[%clk 01:20:10]} {[%emt 00:00:49]}
Qxd1 {[%clk 01:12:34]} {[%emt 00:03:55]} 10. Rxd1 {[%clk 01:19:59]} {[%emt
00:00:41]} Bb4 {[%clk 01:10:13]} {[%emt 00:02:52]} 11. Nxc6 {[%clk 01:18:14]}
{[%emt 00:02:15]} bxc6 {[%clk 01:09:36]} {[%emt 00:01:07]} 12. Rd3 {[%clk
01:13:14]} {[%emt 00:05:29]} O-O {[%clk 01:08:55]} {[%emt 00:01:12]} 13. Be3
{[%clk 01:12:47]} {[%emt 00:00:54]} Rfd8 {[%clk 01:07:29]} {[%emt 00:01:59]}
14. Rad1 {[%clk 01:12:20]} {[%emt 00:00:56]} Re8 {[%clk 01:01:28]} {[%emt
00:06:31]} 15. f3 {[%clk 01:12:04]} {[%emt 00:00:46]} h6 {[%clk 01:01:22]}
{[%emt 00:00:36]} 16. a3 {[%clk 01:12:01]} {[%emt 00:00:33]} Ba5 {[%clk
01:00:39]} {[%emt 00:01:13]} 17. b4 {[%clk 01:10:56]} {[%emt 00:01:33]} Bb6
{[%clk 01:00:45]} {[%emt 00:00:27]} 18. Kf2 {[%clk 01:10:51]} {[%emt 00:00:33]}
Kh7 {[%clk 00:58:46]} {[%emt 00:02:30]} 19. Na4 {[%clk 01:09:00]} {[%emt
00:02:21]} Rab8 {[%clk 00:53:08]} {[%emt 00:06:09]} 20. Nc5 {[%clk 01:08:22]}
{[%emt 00:01:06]} Ra8 {[%clk 00:44:35]} {[%emt 00:09:05]} 21. Nd7 {[%clk
01:07:58]} {[%emt 00:00:52]} Bxe3+ {[%clk 00:40:00]} {[%emt 00:05:07]} 22. Kxe3
{[%clk 01:08:18]} {[%emt 00:00:09]} Kg6 {[%clk 00:40:11]} {[%emt 00:00:20]} 23.
Nxf6 {[%clk 01:07:31]} {[%emt 00:01:16]} Kxf6 {[%clk 00:40:15]} {[%emt
00:00:26]} 24. Rc3 {[%clk 01:07:28]} {[%emt 00:00:33]} Re6 {[%clk 00:40:01]}
{[%emt 00:00:44]} 25. f4 {[%clk 01:07:43]} {[%emt 00:00:15]} Rae8 {[%clk
00:38:06]} {[%emt 00:02:25]} 26. Rd4 {[%clk 01:07:35]} {[%emt 00:00:38]} g6
{[%clk 00:37:57]} {[%emt 00:00:39]} 27. g4 {[%clk 01:07:20]} {[%emt 00:00:45]}
Ke7 {[%clk 00:31:08]} {[%emt 00:07:19]} 28. f5 {[%clk 01:06:14]} {[%emt
00:01:36]} Rd6 {[%clk 00:28:46]} {[%emt 00:02:53]} 29. e5 {[%clk 01:06:18]}
{[%emt 00:00:26]} Kd7 {[%clk 00:25:41]} {[%emt 00:03:34]} 30. Ke4 {[%clk
01:06:01]} {[%emt 00:00:48]} gxf5+ {[%clk 00:18:12]} {[%emt 00:07:59]} 31. gxf5
{[%clk 01:06:07]} {[%emt 00:00:23]} f6 {[%clk 00:16:29]} {[%emt 00:02:13]} 32.
e6+ {[%clk 01:06:00]} {[%emt 00:00:37]} Ke7 {[%clk 00:16:48]} {[%emt 00:00:11]}
33. Rxd6 {[%clk 01:06:05]} {[%emt 00:00:25]} Kxd6 {[%clk 00:16:51]} {[%emt
00:00:27]} 34. Rd3+ {[%clk 01:06:24]} {[%emt 00:00:11]} Ke7 {[%clk 00:16:26]}
{[%emt 00:00:55]} 35. Rd7+ {[%clk 01:06:42]} {[%emt 00:00:11]} Kf8 {[%clk
00:16:49]} {[%emt 00:00:07]} 36. Rf7+ {[%clk 01:07:05]} {[%emt 00:00:07]} Kg8
{[%clk 00:17:00]} {[%emt 00:00:20]} 37. Rxf6 {[%clk 01:07:17]} {[%emt
00:00:18]} h5 {[%clk 00:16:21]} {[%emt 00:01:09]} 38. Ke5 {[%clk 01:07:13]}
{[%emt 00:00:34]} h4 {[%clk 00:16:28]} {[%emt 00:00:23]} 39. Rf7 {[%clk
01:07:19]} {[%emt 00:00:25]} Rf8 {[%clk 00:12:19]} {[%emt 00:04:38]} 40. Rxf8+
{[%clk 01:07:00]} {[%emt 00:00:49]} Kxf8 {[%clk 00:12:43]} {[%emt 00:00:06]}
41. f6 {[%clk 01:07:03]} {[%emt 00:00:27]} c5 {[%clk 00:12:55]} {[%emt
00:00:18]} 42. Kf5 {[%clk 01:07:12]} {[%emt 00:00:21]} cxb4 {[%clk 00:12:34]}
{[%emt 00:00:50]} 43. axb4 {[%clk 01:07:35]} {[%emt 00:00:08]} h3 {[%clk
00:12:54]} {[%emt 00:00:10]} 44. Kg6 {[%clk 01:07:54]} {[%emt 00:00:11]} c6
{[%clk 00:12:08]} {[%emt 00:01:17]} 45. e7+ {[%clk 01:07:57]} {[%emt 00:00:26]}
Ke8 {[%clk 00:12:21]} {[%emt 00:00:16]} 46. Kg7 {[%clk 01:08:17]} {[%emt
00:00:10]} Kd7 {[%clk 00:11:15]} {[%emt 00:01:37]} 47. Kf7 {[%clk 01:08:35]}
{[%emt 00:00:12]} Kd6 {[%clk 00:11:12]} {[%emt 00:00:33]} 48. e8=Q {[%clk
01:08:54]} {[%emt 00:00:10]} Kd5 {[%clk 00:11:21]} {[%emt 00:00:23]} 49. Qe3
{[%clk 01:08:55]} {[%emt 00:00:27]} Kc4 {[%clk 00:11:22]} {[%emt 00:00:31]} 50.
Ke6 {[%clk 01:09:06]} {[%emt 00:00:18]} Kxb4 {[%clk 00:11:28]} {[%emt
00:00:23]} 51. Qb3+ {[%clk 01:09:15]} {[%emt 00:00:22]} Kc5 {[%clk 00:11:28]}
{[%emt 00:00:30]} 52. c3 {[%clk 01:09:24]} {[%emt 00:00:21]} a5 {[%clk
00:11:21]} {[%emt 00:00:37]} 53. Ke5 {[%clk 01:09:43]} {[%emt 00:00:11]} a4
{[%clk 00:11:19]} {[%emt 00:00:33]} 54. Qb4# {[%clk 01:09:26]} {[%emt
00:00:07]} 1-0

[Event "ODJM C 2023"]
[Site "Willingen GER"]
[Date "2023.06.01"]
[Round "7"]
[White "Classen, Marnin"]
[Black "Hierl, Andreas"]
[Result "0-1"]
[Termination "normal"]
[Board "4"]
[WhiteElo "1352"]
[BlackElo "1236"]
[WhiteClock "00:27:45"]
[BlackClock "00:31:37"]
[PlyCount "58"]
[WhiteFideId "34623833"]
[BlackFideId "34660496"]
[EventCountry "GER"]
[EventRounds "9"]
[EventType "swiss"]
[EventDate "2023.05.27"]

1. e4 {[%clk 01:30:59]} {[%emt 00:00:01]} c6 {[%clk 01:30:55]} {[%emt
00:00:05]} 2. Nf3 {[%clk 01:31:21]} {[%emt 00:00:06]} d5 {[%clk 01:31:21]}
{[%emt 00:00:05]} 3. Nc3 {[%clk 01:31:43]} {[%emt 00:00:09]} dxe4 {[%clk
01:31:44]} {[%emt 00:00:07]} 4. Nxe4 {[%clk 01:32:03]} {[%emt 00:00:09]} Nf6
{[%clk 01:32:05]} {[%emt 00:00:09]} 5. Qe2 {[%clk 01:32:19]} {[%emt 00:00:14]}
Nxe4 {[%clk 01:32:26]} {[%emt 00:00:10]} 6. Qxe4 {[%clk 01:32:42]} {[%emt
00:00:07]} Nd7 {[%clk 01:32:37]} {[%emt 00:00:18]} 7. Bc4 {[%clk 01:32:49]}
{[%emt 00:00:23]} Nf6 {[%clk 01:32:32]} {[%emt 00:00:35]} 8. Ne5 {[%clk
01:32:56]} {[%emt 00:00:23]} e6 {[%clk 01:32:44]} {[%emt 00:00:18]} 9. Qe2
{[%clk 01:33:16]} {[%emt 00:00:11]} Bd6 {[%clk 01:31:56]} {[%emt 00:01:18]} 10.
d4 {[%clk 01:32:49]} {[%emt 00:00:56]} Qc7 {[%clk 01:31:40]} {[%emt 00:00:46]}
11. Bg5 {[%clk 01:31:22]} {[%emt 00:01:57]} Nd5 {[%clk 01:29:47]} {[%emt
00:02:23]} 12. Bxd5 {[%clk 01:29:42]} {[%emt 00:02:11]} cxd5 {[%clk 01:29:52]}
{[%emt 00:00:25]} 13. O-O-O {[%clk 01:24:23]} {[%emt 00:05:49]} O-O {[%clk
01:25:16]} {[%emt 00:05:05]} 14. Bd2 {[%clk 01:22:11]} {[%emt 00:02:43]} a5
{[%clk 01:19:10]} {[%emt 00:06:36]} 15. g4 {[%emt 00:05:40]} Rb8 {[%clk
01:08:55]} {[%emt 00:07:02]} 16. h4 {[%clk 01:17:23]} {[%emt 00:03:51]} b5
{[%clk 01:05:39]} {[%emt 00:03:47]} 17. g5 {[%clk 01:13:10]} {[%emt 00:04:42]}
b4 {[%clk 01:02:32]} {[%emt 00:03:37]} 18. b3 {[%clk 01:05:34]} {[%emt
00:08:06]} a4 {[%clk 01:00:27]} {[%emt 00:02:34]} 19. Kb1 {[%clk 01:01:16]}
{[%emt 00:04:47]} Ra8 {[%clk 00:50:57]} {[%emt 00:10:01]} 20. h5 {[%clk
00:59:01]} {[%emt 00:02:44]} Ba6 {[%clk 00:47:43]} {[%emt 00:03:45]} 21. Qe3
{[%clk 00:53:25]} {[%emt 00:06:14]} Bb5 {[%clk 00:38:45]} {[%emt 00:09:30]} 22.
Nd3 {[%clk 00:36:04]} {[%emt 00:17:51]} axb3 {[%clk 00:34:15]} {[%emt
00:05:00]} 23. cxb3 {[%clk 00:33:49]} {[%emt 00:02:45]} Rxa2 {[%clk 00:34:19]}
{[%emt 00:00:27]} 24. Rc1 {[%clk 00:33:24]} {[%emt 00:00:55]} Qa5 {[%clk
00:34:05]} {[%emt 00:00:44]} 25. g6 {[%clk 00:30:30]} {[%emt 00:03:24]} Qa3
{[%clk 00:31:08]} {[%emt 00:03:26]} 26. gxf7+ {[%clk 00:29:59]} {[%emt
00:01:02]} Kh8 {[%clk 00:31:02]} {[%emt 00:00:36]} 27. Bc3 {[%clk 00:27:29]}
{[%emt 00:03:00]} Bxd3+ {[%clk 00:31:19]} {[%emt 00:00:13]} 28. Qxd3 {[%clk
00:27:31]} {[%emt 00:00:28]} Qxb3+ {[%clk 00:31:42]} {[%emt 00:00:06]} 29. Bb2
{[%clk 00:27:45]} {[%emt 00:00:16]} Qxb2# {[%clk 00:31:37]} {[%emt 00:00:05]}
0-1

[Event "ODJM C 2023"]
[Site "Willingen GER"]
[Date "2023.06.01"]
[Round "7"]
[White "Türel, Tugce"]
[Black "Winkler, Frida"]
[Result "1-0"]
[Termination "normal"]
[Board "5"]
[WhiteElo "1249"]
[BlackElo "1280"]
[WhiteClock "00:27:28"]
[BlackClock "01:16:49"]
[PlyCount "95"]
[WhiteFideId "26350602"]
[BlackFideId "34622322"]
[EventCountry "GER"]
[EventRounds "9"]
[EventType "swiss"]
[EventDate "2023.05.27"]

1. e4 {[%clk 01:30:57]} {[%emt 00:00:02]} c5 {[%clk 01:30:54]} {[%emt
00:00:07]} 2. Nf3 {[%clk 01:31:11]} {[%emt 00:00:16]} Nc6 {[%clk 01:31:17]}
{[%emt 00:00:07]} 3. c4 {[%clk 01:30:57]} {[%emt 00:00:44]} e5 {[%clk
01:31:42]} {[%emt 00:00:06]} 4. Nc3 {[%clk 01:30:56]} {[%emt 00:00:31]} d6
{[%clk 01:32:05]} {[%emt 00:00:07]} 5. d3 {[%clk 01:31:06]} {[%emt 00:00:19]}
g6 {[%clk 01:32:26]} {[%emt 00:00:09]} 6. Be3 {[%clk 01:30:52]} {[%emt
00:00:44]} Bg7 {[%clk 01:32:36]} {[%emt 00:00:20]} 7. Be2 {[%clk 01:25:34]}
{[%emt 00:05:48]} Nge7 {[%clk 01:32:45]} {[%emt 00:00:21]} 8. Nd5 {[%clk
01:22:20]} {[%emt 00:03:45]} O-O {[%clk 01:30:49]} {[%emt 00:02:25]} 9. O-O
{[%clk 01:22:14]} {[%emt 00:00:35]} f5 {[%clk 01:29:19]} {[%emt 00:02:00]} 10.
exf5 {[%clk 00:50:57]} {[%emt 00:31:48]} Nxf5 {[%clk 01:29:38]} {[%emt
00:00:11]} 11. Bg5 {[%clk 00:50:29]} {[%emt 00:00:58]} Qd7 {[%clk 01:22:39]}
{[%emt 00:07:29]} 12. Nd2 {[%clk 00:46:52]} {[%emt 00:04:07]} h6 {[%clk
01:18:07]} {[%emt 00:05:01]} 13. Be3 {[%clk 00:46:43]} {[%emt 00:00:39]} Qd8
{[%clk 01:15:59]} {[%emt 00:02:38]} 14. Bg4 {[%clk 00:38:37]} {[%emt 00:08:36]}
Be6 {[%clk 01:04:28]} {[%emt 00:12:01]} 15. Bxf5 {[%clk 00:30:38]} {[%emt
00:08:30]} Bxf5 {[%clk 01:02:34]} {[%emt 00:02:23]} 16. Ne4 {[%clk 00:29:18]}
{[%emt 00:01:51]} Ne7 {[%clk 01:01:15]} {[%emt 00:01:48]} 17. Nxe7+ {[%clk
00:26:34]} {[%emt 00:03:15]} Qxe7 {[%clk 01:01:28]} {[%emt 00:00:16]} 18. Qd2
{[%clk 00:26:32]} {[%emt 00:00:33]} b6 {[%clk 00:59:52]} {[%emt 00:02:07]} 19.
Bxh6 {[%clk 00:25:47]} {[%emt 00:01:14]} Rad8 {[%clk 00:58:25]} {[%emt
00:01:56]} 20. Bg5 {[%clk 00:25:15]} {[%emt 00:01:02]} Qb7 {[%clk 00:56:53]}
{[%emt 00:02:01]} 21. Bxd8 {[%clk 00:24:49]} {[%emt 00:00:58]} Rxd8 {[%clk
00:57:12]} {[%emt 00:00:10]} 22. Qg5 {[%clk 00:24:28]} {[%emt 00:00:52]} Rd7
{[%emt 00:07:31]} 23. Qe3 {[%clk 00:18:30]} d5 {[%clk 00:54:54]} {[%emt
00:02:15]} 24. cxd5 {[%clk 00:18:20]} {[%emt 00:00:41]} Qxd5 {[%clk 00:54:50]}
{[%emt 00:00:32]} 25. Rfd1 {[%clk 00:16:27]} {[%emt 00:02:23]} c4 {[%clk
00:53:28]} {[%emt 00:01:52]} 26. Nc3 {[%clk 00:15:29]} {[%emt 00:01:29]} Qc6
{[%clk 00:52:12]} {[%emt 00:01:43]} 27. dxc4 {[%clk 00:14:12]} {[%emt
00:01:51]} Qxc4 {[%clk 00:52:12]} {[%emt 00:00:28]} 28. Rxd7 {[%clk 00:13:36]}
{[%emt 00:01:07]} Bxd7 {[%clk 00:52:25]} {[%emt 00:00:17]} 29. Qd2 {[%clk
00:12:59]} {[%emt 00:01:06]} Be6 {[%clk 00:51:07]} {[%emt 00:01:47]} 30. Re1
{[%clk 00:12:05]} {[%emt 00:01:23]} Qc7 {[%clk 00:49:39]} {[%emt 00:02:00]} 31.
Rd1 {[%clk 00:11:28]} {[%emt 00:01:07]} Bf6 {[%clk 00:49:29]} {[%emt 00:00:39]}
32. Qd6 {[%clk 00:08:53]} {[%emt 00:03:06]} Qxd6 {[%clk 00:48:34]} {[%emt
00:01:26]} 33. Rxd6 {[%clk 00:09:08]} {[%emt 00:00:15]} Kf7 {[%clk 00:48:46]}
{[%emt 00:00:18]} 34. Rd3 {[%clk 00:08:50]} {[%emt 00:00:47]} Bf5 {[%clk
00:48:54]} {[%emt 00:00:23]} 35. Rf3 {[%clk 00:07:43]} {[%emt 00:01:29]} e4
{[%clk 00:48:44]} {[%emt 00:00:47]} 36. Re3 {[%clk 00:07:57]} {[%emt 00:00:17]}
Bxc3 {[%clk 00:48:54]} {[%emt 00:00:20]} 37. bxc3 {[%clk 00:08:25]} {[%emt
00:00:02]} a6 {[%clk 00:48:38]} {[%emt 00:00:46]} 38. f3 {[%clk 00:07:48]}
{[%emt 00:01:07]} exf3 {[%clk 00:48:48]} {[%emt 00:00:19]} 39. gxf3 {[%clk
00:06:17]} {[%emt 00:02:01]} Be6 {[%clk 00:49:04]} {[%emt 00:00:15]} 40. a3
{[%clk 00:06:16]} {[%emt 00:00:32]} b5 {[%clk 00:49:11]} {[%emt 00:00:22]} 41.
Kg2 {[%clk 00:04:34]} {[%emt 00:02:11]} Kf6 {[%clk 00:48:43]} {[%emt 00:00:58]}
42. Kg3 {[%clk 00:01:08]} {[%emt 00:03:56]} g5 {[%clk 00:48:43]} {[%emt
00:00:31]} 43. f4 {[%clk 00:29:36]} {[%emt 00:02:02]} Bc4 {[%clk 01:17:20]}
{[%emt 00:01:51]} 44. fxg5+ {[%clk 00:28:07]} {[%emt 00:02:01]} Kxg5 {[%clk
01:17:36]} {[%emt 00:00:14]} 45. Rf3 {[%clk 00:28:11]} {[%emt 00:00:26]} Bd5
{[%clk 01:17:31]} {[%emt 00:00:33]} 46. Rd3 {[%clk 00:27:54]} {[%emt 00:00:48]}
Bc4 {[%clk 01:17:33]} {[%emt 00:00:28]} 47. Rd4 {[%clk 00:27:29]} {[%emt
00:00:55]} Bg8 {[%clk 01:16:49]} {[%emt 00:01:13]} 48. Rg4+ {[%clk 00:27:28]}
{[%emt 00:00:31]} 1-0